00410nam a22001457a 4500010001500000020002600015035001400041037001300055082001200068100001600080245006300096260004100159270004300200300002100243 aENG-120679 c650.00a9789382634140 aEN-104211 bDBAD/PUB a915.441 aSaraf, Ritu aTemples and tourist places of maharashtra /cby RItu Saraf aAllahabadbMeenakshi Prakashanc2016 a5, Khusrobagh Road,bAllahabade211001 a208p.b22cm(Hb).